[Event "Mittelrhein Regionalliga 1920"]
[Site "Mittelrhein"]
[Date "2020.02.16"]
[Round "6.3"]
[White "Kuhn, Andreas2222"]
[Black "Graf, Peter"]
[Result "1-0"]
[WhiteElo "1920"]
[BlackElo "1941"]
[PlyCount "71"]
[EventDate "2019.09.29"]
[EventType "team-tourn"]
[EventRounds "9"]
[EventCountry "GER"]
[SourceTitle "EXT 2023"]
[Source "ChessBase"]
[SourceDate "2022.10.05"]
[SourceVersion "1"]
[SourceVersionDate "2022.10.05"]
[SourceQuality "1"]
[WhiteTeam "Niederkassel II"]
[BlackTeam "Koeln SF II"]
[WhiteTeamCountry "GER"]
[BlackTeamCountry "GER"]

1. d4 Nf6 2. c4 e6 3. g3 d5 4. Nf3 c6 5. Bg2 Be7 6. 0-0 0-0 7. Qc2 Nbd7 8. Rd1 Ne4 9. Nc3 f5 10. b3 g5 11. Nxe4 fxe4 12. Ne1 Bb4 13. f3 Qf6 14. Be3 Bxe1 15. Rxe1 exf3 16. exf3 Rf7 17. Qd2 h6 18. f4 g4 19. f5 Qxf5 20. Bxh6 Qg6 21. Bf4 Rf5 22. Qe2 Nf6 23. Be5 Bd7 24. Rf1 Nh5 25. Rxf5 Qxf5 26. Rf1 Qg6 27. Bd6 Re8 28. Rf2 Kh7 29. Qd1 Rg8 30. Bf1 Ng7 31. Be2 Nf5 32. Be5 Be8 33. Rf4 Nh6 34. Qf1 Nf5 35. Rxg4 Qh6 36. Bf4 1-0

[Event "Mittelrhein Regionalliga 1718"]
[Site "Nordrheinwestfalen"]
[Date "2017.11.12"]
[Round "3.8"]
[White "Graf, Peter"]
[Black "Diesner, Michael"]
[Result "0-1"]
[WhiteElo "1955"]
[BlackElo "2062"]
[PlyCount "100"]
[EventDate "2017.09.10"]
[EventType "team-tourn"]
[EventRounds "9"]
[EventCountry "GER"]
[SourceTitle "EXT 2022"]
[Source "ChessBase"]
[SourceDate "2021.10.06"]
[SourceVersion "1"]
[SourceVersionDate "2021.10.06"]
[SourceQuality "1"]
[WhiteTeam "Klub Koelner SF II"]
[BlackTeam "Koeln Lasker"]
[WhiteTeamCountry "GER"]
[BlackTeamCountry "GER"]

1. e4 c5 2. Nc3 Nc6 3. f4 g6 4. Nf3 Bg7 5. Bb5 Nd4 6. 0-0 a6 7. Bd3 d6 8. Ne2 Qb6 9. Nfxd4 cxd4 10. b3 Nf6 11. Bb2 Nxe4 12. Kh1 d5 13. a4 Nc5 14. Nc1 0-0 15. a5 Qc7 16. b4 Nxd3 17. Nxd3 Bf5 18. Rb1 Rfc8 19. Nc5 b6 20. axb6 Qxb6 21. Ba3 a5 22. Nd3 axb4 23. Bxb4 Ra2 24. Bxe7 Qc7 25. Nb4 Bxc2 26. Nxc2 Rxc2 27. Bb4 Bf8 28. Bxf8 Kxf8 29. h3 Qa5 30. d3 Qd2 31. Qf3 Rc1 32. f5 Rxb1 33. Rxb1 Rc1+ 34. Rxc1 Qxc1+ 35. Kh2 Qe3 36. Qxd5 Qf4+ 37. Kh1 gxf5 38. Qb3 Kg7 39. Qd1 Kg6 40. Qe2 Qe3 41. Qd1 Kg5 42. Qb3 Qe6 43. Qb7 h5 44. Qc7 Qe3 45. Qd8+ f6 46. Qg8+ Kf4 47. Qb8+ Qe5 48. Qb1 Kg3 49. Qf1 Qe3 50. Qb1 f4 0-1

[Event "Oberliga NRW 1617"]
[Site "Germany"]
[Date "2017.02.12"]
[Round "6.8"]
[White "Kramps, Rene"]
[Black "Graf, Peter"]
[Result "1/2-1/2"]
[WhiteElo "2123"]
[BlackElo "1883"]
[PlyCount "84"]
[EventDate "2016.09.25"]
[EventType "team-tourn"]
[EventRounds "9"]
[EventCountry "GER"]
[SourceTitle "EXT 2020"]
[Source "ChessBase"]
[SourceDate "2019.10.17"]
[SourceVersion "1"]
[SourceVersionDate "2019.10.17"]
[SourceQuality "1"]
[WhiteTeam "Iserlohn Koenigsspringer"]
[BlackTeam "Koeln SF"]
[WhiteTeamCountry "GER"]
[BlackTeamCountry "GER"]

1. e4 e5 2. Nf3 Nc6 3. Bc4 Bc5 4. Nc3 a6 5. d3 d6 6. h3 Na5 7. Bb3 Ne7 8. d4 Nxb3 9. axb3 exd4 10. Nxd4 0-0 11. 0-0 Re8 12. Kh1 d5 13. Nf3 d4 14. Ne2 Nc6 15. Ng3 b5 16. Ng5 Qd6 17. f4 h6 18. e5 Qd7 19. N5e4 Bf8 20. Nh5 Kh8 21. Qf3 Re6 22. Qg3 f5 23. Nd2 Qf7 24. Qf3 Bb7 25. Ng3 Rb8 26. Qf2 Bc5 27. Nf3 Bb6 28. Qe2 g6 29. Bd2 Rd8 30. Rfd1 Re7 31. Ne1 Qe6 32. Nd3 Red7 33. Kh2 a5 34. Qf2 Ra8 35. Ne2 Ne7 36. Rg1 c5 37. Qh4 Kg7 38. g4 c4 39. Nf2 Bf3 40. Ng3 Bd8 41. Nh5+ Kf7 42. Nf6 Nd5 1/2-1/2

[Event "Oberliga NRW 1415"]
[Site "Germany"]
[Date "2014.09.14"]
[Round "1.8"]
[White "Fieberg, Samuel"]
[Black "Graf, Peter"]
[Result "1/2-1/2"]
[WhiteElo "2085"]
[BlackElo "1931"]
[PlyCount "98"]
[EventDate "2014.09.14"]
[EventType "team-tourn"]
[EventRounds "9"]
[EventCountry "GER"]
[SourceTitle "EXT 2017"]
[Source "ChessBase"]
[SourceDate "2016.10.25"]
[SourceVersion "1"]
[SourceVersionDate "2016.10.25"]
[SourceQuality "1"]
[WhiteTeam "Koeln Porz II"]
[BlackTeam "Koeln SF"]
[WhiteTeamCountry "GER"]
[BlackTeamCountry "GER"]

1. e4 e5 2. Nf3 Nc6 3. Bc4 Bc5 4. c3 Nf6 5. d3 d6 6. 0-0 h6 7. h3 0-0 8. Re1 a6 9. Bb3 Bd7 10. Nbd2 Ba7 11. Nf1 Na5 12. Bc2 c5 13. Ng3 Nc6 14. Be3 d5 15. d4 cxd4 16. cxd4 exd4 17. Nxd4 Nxd4 18. Bxd4 Bxd4 19. Qxd4 Rc8 20. Rac1 dxe4 21. Nxe4 Be6 22. Nxf6+ Qxf6 23. Qxf6 gxf6 24. Be4 Bxa2 25. Bxb7 Rxc1 26. Rxc1 Rb8 27. Rc8+ Rxc8 28. Bxc8 Bc4 29. f4 Kf8 30. Kf2 Ke7 31. Ke3 a5 32. Kd4 Bf1 33. Bb7 Kd6 34. Bd5 f5 35. h4 f6 36. g3 Be2 37. Bg2 Bb5 38. Bh3 Bd7 39. Bf1 Be6 40. Ba6 Kc6 41. Bd3 Kd6 42. Bc4 Bc8 43. Bb3 Ba6 44. Ba4 Bc8 45. Kc4 Ba6+ 46. Kd4 Bc8 47. Bc2 Be6 48. Bb1 Kc6 49. Bd3 Kd6 1/2-1/2

[Event "Mittelrhein Verbandsliga-M 1112"]
[Site "Germany"]
[Date "2012.02.05"]
[Round "6.7"]
[White "Dambiermont, Marc"]
[Black "Graf, Peter"]
[Result "1/2-1/2"]
[WhiteElo "1868"]
[BlackElo "1970"]
[PlyCount "35"]
[EventDate "2011.09.18"]
[EventType "team-tourn"]
[EventRounds "11"]
[EventCountry "GER"]
[SourceTitle "EXT 2013"]
[Source "ChessBase"]
[SourceDate "2012.11.22"]
[SourceVersion "1"]
[SourceVersionDate "2012.11.22"]
[SourceQuality "1"]
[WhiteTeam "Aachen Aufwaerts III"]
[BlackTeam "Koeln SF II"]
[WhiteTeamCountry "GER"]
[BlackTeamCountry "GER"]

1. d4 Nf6 2. Bf4 b6 3. Nf3 e6 4. e3 Bb7 5. Nbd2 Be7 6. h3 c5 7. c3 0-0 8. Bd3 d5 9. Rc1 Ne4 10. 0-0 Nd7 11. Qe2 g5 12. Bxe4 dxe4 13. Nxg5 Bxg5 14. Qg4 h6 15. h4 Nf6 16. Qg3 Nh5 17. Qg4 Nf6 18. Qg3 1/2-1/2